00763 2200205 4500001002100000005001700021008004100038035002500079040001200104082001000116090001900126100002000145245020200165260007000367300004700437504002700484650001600511850001200527990001800539YOGYA-0113000000071120150428095216.0 ind  a0010-011300000000711 aYOPDYOG a339.4 aSK 339.4 Ari U aARIFAH NUR AINI aUsaha peningkatan pendapatan keluarga melalui pemanfaatan lahan pekarangan di Desa Sinduharjo Kecamatan Ngaglik, Kabupaten Sleman Provinsi Daerah Istimewa Yogyakartac/ disusun oleh Arifah Nur Aini aYogyakartabSekolah Tinggi Pembangunan Masyarakat Desa APMDc1999 aXI, 60, (16) lbr. :bilus, lamp. ;c29 cm. aBibliografi : (lbr.65) aPenghasilan aYOPDYOG a42603-PD/A.12